Olvasói levél
Elmentve itt :
| Szerző: | |
|---|---|
| Dokumentumtípus: | Cikk |
| Megjelent: |
1991
|
| Sorozat: | Nyelvelő
1 No. 2 |
| Kulcsszavak: | Magyar irodalom - levél |
| Tárgyszavak: | |
| Online Access: | http://acta.bibl.u-szeged.hu/32675 |
| LEADER | 00633nab a2200205 i 4500 | ||
|---|---|---|---|
| 001 | acta32675 | ||
| 005 | 20250514131000.0 | ||
| 008 | 161017s1991 hu o 000 hun d | ||
| 022 | |a 1215-3451 | ||
| 040 | |a SZTE Egyetemi Kiadványok Repozitórium |b hun | ||
| 041 | |a hun | ||
| 100 | 1 | |a Vadász Géza | |
| 245 | 1 | 0 | |a Olvasói levél |h [elektronikus dokumentum] / |c Vadász Géza |
| 260 | |c 1991 | ||
| 300 | |a 66 | ||
| 490 | 0 | |a Nyelvelő |v 1 No. 2 | |
| 650 | 4 | |a Bölcsészettudományok | |
| 650 | 4 | |a Nyelvek és irodalom | |
| 695 | |a Magyar irodalom - levél | ||
| 856 | 4 | 0 | |u http://acta.bibl.u-szeged.hu/32675/1/nyelvelo_002_066.pdf |z Dokumentum-elérés |